Govt. of
Madhya Pradesh

Reiki for LIFE, Art of Healing (Record no. 60942)

MARC details
000 -LEADER
fixed length control field 00367nam a22001457a 4500
003 - CONTROL NUMBER IDENTIFIER
control field MACL
005 - DATE AND TIME OF LATEST TRANSACTION
control field 20190903171412.0
008 - FIXED-LENGTH DATA ELEMENTS--GENERAL INFORMATION
fixed length control field 190903b xxu||||| |||| 00| 0 eng d
040 ## - CATALOGING SOURCE
Transcribing agency MACL
100 ## - MAIN ENTRY--PERSONAL NAME
Personal name Sharma, Seema
9 (RLIN) 76556
245 ## - TITLE STATEMENT
Title Reiki for LIFE, Art of Healing
260 ## - PUBLICATION, DISTRIBUTION, ETC. (IMPRINT)
Place of publication, distribution, etc. Guwahati
Name of publisher, distributor, etc. Bhagwati Prakashan
Date of publication, distribution, etc. 2018
650 ## - SUBJECT ADDED ENTRY--TOPICAL TERM
Topical term or geographic name as entry element Philosopy
9 (RLIN) 76557
942 ## - ADDED ENTRY ELEMENTS (KOHA)
Source of classification or shelving scheme
Koha item type Books
Holdings
Withdrawn status Lost status Source of classification or shelving scheme Damaged status Not for loan Home library Current library Date acquired Cost, normal purchase price Total Checkouts Full call number Barcode Date last seen Price effective from Koha item type
          MACL MACL 03/09/2019 595.00   100/SHA CRE036669 02/05/2024 03/09/2019 Books